On This Day: October 5th Quiz Stats

 Plays Quiz Updated Oct 5, 2017

Challenge
Share
Tweet
Embed
Score 0/7 Timer 03:00
1 Play Today
Question Answer Wrong Answers
This English actress, who achieved global stardom with her role in ‘Titanic’, is born.
1975
Kate Winslet
91.3%
Kate Beckinsale
0.9%
Kate Hudson
2.2%
Cate Blanchett
3.7%
The ______ Broadcasting Service, or PBS, is founded.
1970
Public
90.9%
Professional
0.6%
People’s
5.9%
Political
0.9%
This film, the first in the James Bond film series, is released.
1962
Dr. No
72.3%
Goldfinger
15.3%
Thunderball
5.1%
Diamonds Are Forever
6.9%
The Chilean opposition coalition Concertación defeats this man in his reelection attempt, and a general election is called for the following year.
1988
Augusto Pinochet
70.4%
Salvador Allende
19%
Sebastián Piñera
6.3%
Patricio Aylwin
1.9%
This man surpasses Mark McGwire's single-season home run total with his milestone 71st and 72nd home runs.
2001
Barry Bonds
59.2%
Sammy Sosa
21.2%
Ken Griffey Jr.
6.4%
Alex Rodriguez
10.7%
This debut single by The Beatles, which is backed by the song ‘P.S. I love You’, is released in the United Kingdom.
1962
Love Me Do
37.8%
She Loves You
18%
I Want to Hold Your Hand
36.9%
Twist and Shout
6.1%
Bulgaria enters World War I as one of the ______ Powers.
1915
Central
27.8%
Allied
22.5%
Entente
3%
Axis
46.7%

Today's Daily Dose

You're not logged in!

Compare scores with friends on all Sporcle quizzes.
OR
Log In

You Might Also Like...

Show Comments

Extras

Top Quizzes Today


Score Distribution

Your Account Isn't Verified!

In order to create a playlist on Sporcle, you need to verify the email address you used during registration. Go to your Sporcle Settings to finish the process.

Report this User

Report this user for behavior that violates our Community Guidelines.

Details: